000 00293nam a2200133Ia 4500
008 230312s9999||||xx |||||||||||||| ||und||
082 _a891.4
_bAHM-M
100 _aAhmad, Ashfaq
245 0 _aMan Chalay ka Sodaa
260 _bSangeMeel
300 _a319
650 _aLiterature
942 _cBK
999 _c8782
_d8782